| Tag |
First Indicator |
Second Indicator |
Subfields |
| LEADER |
00000cam a2200000 i 4500 |
| 001 |
in00000817841 |
| 005 |
20151018115235.0 |
| 008 |
801001s1980 dcuab b f00010 eng d |
| 010 |
|
|
|a gp 80025036
|
| 020 |
|
|
|c pbk.
|
| 035 |
|
|
|a (OCoLC)06802425
|
| 035 |
|
|
|9 ADV4514AM
|
| 037 |
|
|
|b 20250
|
| 040 |
|
|
|c GPO
|d MvI-ocm
|d UtOrBLW
|
| 043 |
|
|
|a n-us-ky
|a n-us-tn
|
| 074 |
|
|
|a 42-C
|
| 086 |
0 |
|
|a A 1.107:460
|
| 100 |
1 |
|
|a Grise, Verner N.
|
| 245 |
1 |
0 |
|a Burley tobacco farming characteristics and potential for change /
|c Verner N. Grise, Owen K. Shugars.
|
| 264 |
|
1 |
|a [Washington] :
|b Dept. of Agriculture, Economics, Statistics, and Cooperatives Service,
|c [1980]
|
| 300 |
|
|
|a ii, 43 pages :
|b illustrations, map ;
|c 26 cm.
|
| 336 |
|
|
|a text
|b txt
|2 rdacontent
|
| 337 |
|
|
|a unmediated
|b n
|2 rdamedia
|
| 338 |
|
|
|a volume
|b nc
|2 rdacarrier
|
| 490 |
1 |
|
|a Agricultural economic report ; no. 460
|
| 500 |
|
|
|a Issued Sept. 1980.
|
| 504 |
|
|
|a Bibliography: page 27.
|
| 650 |
|
0 |
|a Tobacco
|z Kentucky.
|
| 650 |
|
0 |
|a Tobacco
|z Tennessee.
|
| 650 |
|
0 |
|a Tobacco industry
|z Kentucky.
|
| 650 |
|
0 |
|a Tobacco industry
|z Tennessee.
|
| 700 |
1 |
|
|a Shugars, Owen K.
|
| 710 |
1 |
|
|a United States.
|b Department of Agriculture.
|b Economics, Statistics, and Cooperatives Service.
|
| 830 |
|
0 |
|a Agricultural economic report ;
|v no. 460.
|
| 999 |
|
|
|a MARS
|
| 999 |
f |
f |
|s 1c5c7cea-5e47-32e0-82f4-b7436db675c7
|i 5daad442-251b-3799-864e-8b40427e1b8c
|t 0
|
| 952 |
f |
f |
|p normal
|a Texas A&M University
|b College Station
|c Sterling C. Evans Library
|d Evans: US Documents (Annex 5th floor)
|t 0
|e A 1.107:460
|h Superintendent of Documents classification
|i unmediated -- volume
|m A14814286746
|
| 998 |
f |
f |
|a A 1.107:460
|t 0
|l Evans: US Documents (Annex 5th floor)
|